Statistics for All San Francisco Bay Area Counties

Click here to take the quiz!

General Stats

  • This quiz has been taken 123 times
  • The average score is 6 of 9

Answer Stats

HintAnswer% Correct
CitySan Francisco
97%
East BayAlameda
73%
North BayMarin
73%
PeninsulaSan Mateo
67%
North BayNapa
66%
East BayContra Costa
65%
South BaySanta Clara
63%
North BaySonoma
61%
North BaySolano
39%

Score Distribution

Percentile by Number Answered

Percent of People with Each Score

Your Score History

You have not taken this quiz